Psychology / (Record no. 406)

000 -LEADER
fixed length control field nam a22 a 4500
005 - DATE AND TIME OF LATEST TRANSACTION
control field 20170503155412.0
008 - FIXED-LENGTH DATA ELEMENTS--GENERAL INFORMATION
fixed length control field 871006s1987 xxuac | 001 | eng
020 ## - INTERNATIONAL STANDARD BOOK NUMBER
International Standard Book Number 002308040X
040 ## - CATALOGING SOURCE
Original cataloging agency AKMAL
082 04 - DEWEY DECIMAL CLASSIFICATION NUMBER
Edition number 18
Classification number 150 BEN
082 04 - DEWEY DECIMAL CLASSIFICATION NUMBER
Edition number 19
Classification number 150 BEN
090 ## - LOCALLY ASSIGNED LC-TYPE CALL NUMBER (OCLC); LOCAL CALL NUMBER (RLIN)
Classification number (OCLC) (R) ; Classification number, CALL (RLIN) (NR) 150
Local cutter number (OCLC) ; Book number/undivided call number, CALL (RLIN) BEN
100 1# - MAIN ENTRY--PERSONAL NAME
Personal name Benjamin, Ludy T
9 (RLIN) 934
245 10 - TITLE STATEMENT
Title Psychology /
Statement of responsibility, etc. Ludy T. Benjamin, Jr, J. Roy Hopkins Jack R. Nation.
260 ## - PUBLICATION, DISTRIBUTION, ETC.
Place of publication, distribution, etc. New York
Name of publisher, distributor, etc. Macmillan,
Date of publication, distribution, etc. 1987.
300 ## - PHYSICAL DESCRIPTION
Extent xix,641p
Other physical details ill(some col.), ports.(some col.)
Dimensions 30 cm
504 ## - BIBLIOGRAPHY, ETC. NOTE
Bibliography, etc. note Bibliography: p588-619
650 0# - SUBJECT ADDED ENTRY--TOPICAL TERM
Topical term or geographic name entry element Psychology
9 (RLIN) 859
700 1# - ADDED ENTRY--PERSONAL NAME
Personal name Hopkins, J. Roy.
9 (RLIN) 935
700 1# - ADDED ENTRY--PERSONAL NAME
Personal name Nation, Jack R.
9 (RLIN) 936
852 41 - LOCATION
Location British Library
Sublocation or collection HMNTS
942 ## - ADDED ENTRY ELEMENTS (KOHA)
Source of classification or shelving scheme
Koha item type Book
Holdings
Withdrawn status Lost status Source of classification or shelving scheme Damaged status Not for loan Collection code Home library Current library Shelving location Date acquired Inventory number Total Checkouts Full call number Barcode Date last seen Price effective from Koha item type
          NON-FICTION AKMAL Melaka AKMAL Melaka PINJAMAN 03.05.2017 100209   150 BEN 201701302 03.05.2017 03.05.2017 Book
Pusat Sumber Maklumat Dato' Haji Sarmin Md Hussin, Akademi Kastam Diraja Malaysia, Melaka
Tel: 06-2331106 | Faks: 06-2313787